| 000 | 01055nam a2200265Ia 4500 | ||
|---|---|---|---|
| 999 |
_c50472 _d50472 |
||
| 001 | 17420 | ||
| 003 | GE_BSU | ||
| 005 | 20200213122841.0 | ||
| 008 | 181216s2014 xx |||||||||||||| ||r || | ||
| 010 | _a9785865478058 | ||
| 040 | _cGE_BSU | ||
| 080 | _a811.161.1 А-94 | ||
| 100 |
_aАфанасьева,Н.Д. _97031 |
||
| 245 |
_aЭкономика : _bУчеб.пособ. по языку специальности / _cН.Д. Афанасьева ; Любовь Лобанова ; Ред . О.С.Капполь. |
||
| 250 | _a2-е издание | ||
| 264 |
_aСанкт-Петербург : _bЗлатоуст, _c2014. |
||
| 300 |
_a96 стр.: _c25 см |
||
| 440 |
_aЧитаем тексты по специальности. Выпуск 6. Экономика _97032 |
||
| 653 | _aЭкономика | ||
| 653 | _aეკონომიკა | ||
| 653 | _aრუსული ენა | ||
| 700 |
_a Лобанова, Любовь _97033 |
||
| 700 |
_aКапполь, О.С. _eრედაქტორი _97034 |
||
| 942 |
_cBK _2udc |
||